Educational explanatory dictionary of the Russian language (Record no. 41168)
[ view plain ]
| 000 -LEADER | |
|---|---|
| fixed length control field | 00548nam a2200145 a 4500 |
| 008 - FIXED-LENGTH DATA ELEMENTS--GENERAL INFORMATION | |
| fixed length control field | 210303s1988 ||||||||||||||||| || u |
| 020 ## - INTERNATIONAL STANDARD BOOK NUMBER | |
| International Standard Book Number | 5200002761 |
| 050 ## - LIBRARY OF CONGRESS CALL NUMBER | |
| Classification number | PG 2900 Gab |
| 100 ## - MAIN ENTRY--PERSONAL NAME | |
| Personal name | Gabuchan, K.V |
| 245 10 - TITLE STATEMENT | |
| Title | Educational explanatory dictionary of the Russian language |
| Statement of responsibility, etc. | K.V Gabuchan |
| 260 ## - PUBLICATION, DISTRIBUTION, ETC. | |
| Place of publication, distribution, etc. | Moscow |
| Date of publication, distribution, etc. | 1988 |
| 300 ## - PHYSICAL DESCRIPTION | |
| Extent | 441 pages: illustrations |
| 650 ## - SUBJECT ADDED ENTRY--TOPICAL TERM | |
| Topical term or geographic name entry element | RUSSIAN LITERATURE |
| 995 ## - RECOMMENDATION 995 [LOCAL, UNIMARC FRANCE] | |
| -- | CBU-MAIN LIBRARY (Kitwe) |
| -- | 1 |
| -- | AVAILABLE |
| -- | Mar 3, 2021 |
| -- | Main Library Open Access Collection |
| Withdrawn status | Lost status | Source of classification or shelving scheme | Damaged status | Not for loan | Home library | Current library | Shelving location | Date acquired | Total Checkouts | Full call number | Barcode | Date last seen | Price effective from | Koha item type |
|---|---|---|---|---|---|---|---|---|---|---|---|---|---|---|
| CBU-MAIN LIBRARY, KITWE. | CBU-MAIN LIBRARY, KITWE. | 11/30/2022 | PG 2900 Gab | 750876 | 11/30/2022 | 11/30/2022 | MONOGRAPH |